000 00796cam a22002771 4500
001 16316
003 BD-RjUL
005 20211209000008.0
008 140213s1962 enkac 001 0 eng
035 _a(BD-RjUL)16371
035 _a(OCoLC)5138432
040 _aDLC
_cTNJ
_dUk
_dWU
_dDLC
_dBD-RjUL
_beng
041 _aeng
082 0 4 _219
_a792.0942
_bKIM 1962
100 1 _aKitchin, Laurence.
_950445
245 1 0 _aMid-century drama /
_c Laurence Kitchin.
250 _a[2d ed., rev.]
260 _aLondon :
_bFaber and Faber ;
_c1962.
300 _a238 p. :
_billus., ports. ;
_c23 cm.
504 _aIncludes index.
650 0 _aTheater
_zGreat Britain
_xHistory
_y20th century.
_950394
650 0 _aActors.
_949088
942 _2ddc
_cBK
999 _c16316
_d16316